Le dossier électronucléaire

Shranjeno v:
Bibliografske podrobnosti
Format: Knjiga
Jezik:Undetermined
Izdano: Paris Jacob 1980
Teme:
Oznake: Označite
Brez oznak, prvi označite!
Thư viện lưu trữ: Trung tâm Học liệu Trường Đại học Cần Thơ
LEADER 00400nam a2200157Ia 4500
001 CTU_81468
008 210402s9999 xx 000 0 und d
082 |a 363.6 
082 |b D724 
245 0 |a Le dossier électronucléaire 
260 |a Paris 
260 |b Jacob 
260 |c 1980 
650 |a Environmental 
904 |i Trọng Hải 
980 |a Trung tâm Học liệu Trường Đại học Cần Thơ